Statistiken für Größte Metropolregionen Australiens

Klicken Sie hier um das Quiz zu spielen!

Allgemein

  • Dieses Quiz wurde 14 mal gespielt
  • Das Durchschnittsergebnis liegt bei 10 aus 19

Antwortstatistiken

EinwohnerzahlMetropolregion% Korrekt
4.875.390Melbourne
100%
2.173.146Perth
100%
2.488.781Brisbane
93%
4.856.693Sydney
93%
1.383.209Adelaide
86%
490.264Canberra
79%
702.038Gold Coast
79%
230.353Hobart
79%
135.305Darwin
71%
509.894Newcastle
57%
387.486Sunshine Coast
57%
155.638Cairns
43%
305.880Wollongong
43%
181.665Townsville
21%
344.951Central Coast
14%
289.400Geelong
14%
143.994Toowoomba
7%
111.702Ballarat
0%
102.899Bendigo
0%

Verteilung der Resultate

Perzentil nach korrekt beantworteten Fragen

Anzahl Personen mit jedem Resultat

Ihre Resultats-Entwicklung

Sie haben dieses Quiz noch nicht gespielt